Statistiques concernant La Guerre du Sonderbund

Cliquez ici pour prendre le quiz!

Statistiques générales

  • Ce quiz a été pris 13 fois
  • Le résultat moyen est 15 sur 21

Statistiques - réponses

HintRéponse% Correct
GenèveConfédérés
100%
Bâle-CampagneConfédérés
89%
ZurichConfédérés
89%
VaudConfédérés
89%
Appenzell Rhodes-ExtérieuresConfédérés
89%
BerneConfédérés
78%
SoleureConfédérés
78%
SchaffhouseConfédérés
78%
ArgovieConfédérés
78%
Saint-GallConfédérés
78%
SchwytzSonderbund
78%
TessinConfédérés
67%
LucerneSonderbund
67%
FribourgSonderbund
67%
ZougSonderbund
67%
UriSonderbund
67%
GlarisConfédérés
56%
ThurgovieConfédérés
56%
GrisonsConfédérés
56%
UnterwaldSonderbund
56%
ValaisSonderbund
44%

Distribution des résultats

Percentile par nombre de réponses

% des personnes avec chaque résultat

Votre développement - résultats

Vous n’avez pas pris ce quiz